000 01322nam a2200325 a 4500
003 BLK
005 20240201142041.0
008 180412b bul|||||r ||||||| ||bul||
010 _aKNG00005722000
020 _a954-07-0196-1
040 _aBLK
041 _aBUL
_cBUL
080 _aПолово възпитание. Хигиена на половия живот - Полови излишества, проституция, полово въздържание
_b613.88
_z613.88
100 1 _aБостанджиев, Тодор Панайотов
_eпърви автор
_9248848
139 _aБостанджиев, Тодор Панайотов
_bБ 68
245 1 0 _aСексология
_cТодор Панайотов Бостанджиев.
257 _aBGR
260 _aСофия
_bУнив. изд. Св. Климент Охридски
_c1994
300 _a367 с.
_bсъс сх., портр., ил.
_c20 см
380 _a61
500 _a1 065 тир. - Библиогр. с. 356-361. - Рез. на англ. ез. - Предм. показалец.
650 4 _aСексология
_9170493
852 _aЦб 180455
_bЦб
856 4 _qpdf
_u
856 4 _qpdf
_u
942 _cKNG
_n0
944 _aCR
_c15.01.2003
_k30534
_lРадостина Карадакова
944 _aED
_c10.03.2014
999 _c4573
_d4573
999 _d4573